Problematic age of Lower-Cretaceous foraminiferal zone Leupoldina cabri

Podrobná bibliografia
Hlavný autor: Salaj, Jozef (Author)
Médium: Článok
Jazyk:English
Témy:
Zdroj: 1. Západné Karpaty 1. Bratislava : Veda, vydavateľstvo SAV, 1990 1. S. 21-25
LEADER 01238naa a2200385 a 4500
001 000000184
003 SVKKK
005 20071018144354.0
008 030616c1990 xo e engo
FMT
038 |a SVKKK 
040 |a SVKKK  |b slo  |e AACR2 
041 0 |a eng  |b slo 
044 |a xo  |c SK 
080 |a 551.7"6153"(611  |2 1981 
080 |a 563.1  |2 1981 
100 1 |a Salaj, Jozef  |4 aut 
242 1 0 |a Problematika vekového rozsahu spodnokriedovej foraminiferovej zóny Leupoldina cabri 
245 1 0 |a Problematic age of Lower-Cretaceous foraminiferal zone Leupoldina cabri  |c Salaj Jozef 
300 |b Príl. (fot.) 1 
500 |a Bratislava, Geologický ústav Dionýza Štúra, 
504 |a Res. slov., angl., lit. 22 zázn. v angl., franc., nem. 
650 0 4 |a druhohory  |x výskyt  |x Djebel Ech Chama (oblasť Zaghouan)  |x Tunisko  |x štúdie 
650 0 4 |a foraminifery  |x planktonické  |x rod Leupoldina  |x barém  |x gargas  |x apt 
650 0 4 |a geológia 
650 0 4 |a krieda (geol.) 
650 0 4 |a stratigrafia 
773 0 |t Západné Karpaty  |d Bratislava : Veda, vydavateľstvo SAV, 1990  |g S. 21-25 
958 |a MS 
958 |a NP 
974 |d 940523  |a 245/135 
992 |a RZB 
BAS
852 |a SVKKK  |b BIB 
998 |a GEO